Les meilleurs buteurs de l'histoire du RC Strasbourg - Statistiques

Statistiques générales
  • Ce quiz a été pris 30 fois
  • Le résultat moyen est 2 sur 10
Statistiques - réponses
Buts Nationalité Joueur % Correct
51 France Ludovic Ajorque
73%
103 Allemagne Oskar Rohr
54%
91 France Albert Gemmrich
27%
78 France Francis Piasecki Francis Piasecki
12%
56 France Edmond Haan
8%
79 France Gérard Hausser
8%
74 France Casimir Koza
4%
64 Autriche Ernst Stojaspal
4%
61 Argentina José Farias
4%
60 France Philippe Piat
4%
Aucun quiz correspondant
Distribution des résultats
% des personnes avec chaque résultat
Percentile par nombre de réponses
Votre historique - résultats
Vous n’avez pas pris ce quiz